[Event "Edmonton June Sectional E"]
[Site "Edmonton CAN"]
[Date "2004.06.05"]
[Round "3"]
[White "Pivovarov, Juraj"]
[Black "Caron, Harvey"]
[Result "1/2-1/2"]
[WhiteElo "1692"]
[BlackElo "1736"]
[PlyCount "169"]
[GameId "2160767911096289"]
[EventDate "2004.06.04"]
[EventType "tourn"]
[EventRounds "5"]
[EventCountry "CAN"]

1. e4 c5 2. Nf3 e6 3. g3 Nc6 4. Bg2 Qc7 5. O-O Nf6 6. Re1 d6 7. c3 Be7 8. d3 O-O 9. Qe2 Nd7 10. Nbd2 a6 11. Nf1 Rb8 12. N3d2 b5 13. f4 Bb7 14. Nf3 Rfe8 15. Ng5 Bxg5 16. fxg5 Nce5 17. Ne3 c4 18. d4 Nd3 19. Rf1 e5 20. d5 f6 21. Qg4 fxg5 22. Qxg5 Rf8 23. Nf5 Nf6 24. b4 Nxc1 25. Raxc1 Bc8 26. Rc2 Bxf5 27. Rxf5 Rf7 28. Rcf2 Rbf8 29. h4 Kh8 30. h5 h6 31. Qg6 Kg8 32. g4 Ne8 33. Qe6 Nf6 34. g5 hxg5 35. Rxg5 Qe7 36. Qxe7 Rxe7 37. h6 Kh8 38. hxg7+ Rxg7 39. Rxg7 Kxg7 40. Rf5 Nd7 41. Rxf8 Kxf8 42. Kf2 Ke7 43. Bh3 Nb6 44. Ke3 Kf6 45. Bg4 Kg5 46. Bh3 Kh4 47. Be6 Kg3 48. Bf5 Kg2 49. Bg4 Kg3 50. Bf5 Kg2 51. Bg4 Kf1 52. Kd2 Kf2 53. Be6 Kf3 54. Bf5 Kf4 55. Bg6 Nd7 56. Bf5 Nf6 57. Bc8 Kxe4 58. Bxa6 Kxd5 59. Bxb5 Ne4+ 60. Kc2 Ke6 61. Bxc4+ d5 62. Bd3 Nf6 63. a4 Kd6 64. Bb5 Kc7 65. a5 Ne4 66. Bf1 Nd6 67. Kb3 e4 68. b5 Kb7 69. Kb4 e3 70. Kc5 Ne4+ 71. Kd4 Ng3 72. Kxe3 Nxf1+ 73. Kd4 Nd2 74. Kxd5 Nb3 75. a6+ Kc7 76. Kc4 Nd2+ 77. Kb4 Kb6 78. c4 Ne4 79. a7 Kxa7 80. c5 Nxc5 81. Kxc5 Kb7 82. b6 Kb8 83. Kc6 Kc8 84. b7+ Kb8 85. Kb6 1/2-1/2

[Event "Edmonton June Sectional F"]
[Site "Edmonton CAN"]
[Date "2004.06.04"]
[Round "1"]
[White "Babb, Dwight"]
[Black "Kazakevich, Anastasia"]
[Result "0-1"]
[WhiteElo "1717"]
[BlackElo "1669"]
[PlyCount "122"]
[GameId "2160767911096290"]
[EventDate "2004.06.04"]
[EventType "tourn"]
[EventRounds "5"]
[EventCountry "CAN"]

1. d4 d5 2. Nf3 Nf6 3. c4 c6 4. cxd5 cxd5 5. Nc3 e6 6. Bf4 Bd6 7. Qc2 Nc6 8. a3 O-O 9. g3 b6 10. b4 a6 11. Bg2 Bb7 12. O-O Rc8 13. Rad1 Bxf4 14. gxf4 Ne7 15. Ne5 Nf5 16. Qd3 Qd6 17. f3 a5 18. Na2 axb4 19. axb4 Ra8 20. Rd2 Ra4 21. Bh3 Ne7 22. Rc1 Rfa8 23. Qb1 Nh5 24. f5 exf5 25. Bxf5 Nxf5 26. Qxf5 Nf6 27. Qb1 Nd7 28. f4 Nxe5 29. fxe5 Qg6+ 30. Qxg6 hxg6 31. Rcc2 Ba6 32. Nc3 Ra1+ 33. Kf2 Bc4 34. Nd1 b5 35. Ne3 R8a4 36. Rb2 Rc1 37. Rdc2 Rxc2 38. Nxc2 Kf8 39. Ne3 Ra3 40. Nf1 Ke7 41. Nd2 f6 42. Nf3 Ke6 43. e3 Kf5 44. Nd2 fxe5 45. dxe5 Kxe5 46. h4 Kf5 47. Nf3 Ke4 48. Nd2+ Kd3 49. Nb1 Ra2 50. Rxa2 Bxa2 51. Na3 Bc4 52. Kf3 Kc3 53. e4 dxe4+ 54. Kxe4 Bd3+ 55. Ke5 Kxb4 56. Nxb5 Kxb5 57. Ke6 Be2 58. Kf7 Bh5 59. Kxg7 Kc5 60. Kf6 Kd5 61. Kg5 Ke5 0-1

[Event "Edmonton June op"]
[Site "Edmonton CAN"]
[Date "2004.06.05"]
[Round "2"]
[White "Asquith, Tom"]
[Black "Kazakevich, Alexander"]
[Result "1/2-1/2"]
[WhiteElo "1660"]
[BlackElo "1667"]
[PlyCount "113"]
[GameId "2160767911092249"]
[EventDate "2004.06.??"]
[EventType "tourn"]
[EventRounds "5"]
[EventCountry "CAN"]
[SourceTitle "EXT 2006"]
[Source "ChessBase"]
[SourceDate "2005.11.24"]
[SourceVersion "1"]
[SourceVersionDate "2005.11.24"]
[SourceQuality "1"]

1. e4 d5 2. exd5 Qxd5 3. Nc3 Qa5 4. d4 Nf6 5. h3 Bf5 6. Bd3 Bxd3 7. Qxd3 Nc6 8. Nf3 O-O-O 9. Be3 h6 10. O-O g5 11. a3 g4 12. hxg4 Nxg4 13. d5 Nxe3 14. Qxe3 Nb8 15. Qf4 f6 16. Nd4 Nd7 17. Rfe1 h5 18. b4 Qb6 19. Re6 Bh6 20. Qe4 f5 21. Nxf5 Nf6 22. Nxe7+ Kb8 23. Qe2 Rd6 24. Nf5 Rxe6 25. dxe6 Qc6 26. Qe5 Rg8 27. g3 Ng4 28. Qe1 Bg5 29. Rd1 h4 30. e7 hxg3 31. Nxg3 Re8 32. b5 Qh6 33. Qe2 Qh2+ 34. Kf1 Qh3+ 35. Ke1 b6 36. Rd7 Nxf2 37. Rd8+ Rxd8 38. exd8=Q+ Bxd8 39. Qxf2 Bh4 40. Nce4 Qe6 41. Kd1 Qd5+ 42. Kc1 Bxg3 43. Nxg3 Qxb5 44. Qe3 a5 45. Ne2 Kb7 46. Nc3 Qc6 47. Qe4 Qxe4 48. Nxe4 Kc6 49. Kd2 Kb5 50. Nc3+ Kc4 51. a4 c6 52. Nd1 b5 53. axb5 cxb5 54. Nb2+ Kb4 55. c3+ Kb3 56. Nd3 a4 57. Nc5+ 1/2-1/2

[Event "Edmonton June op"]
[Site "Edmonton CAN"]
[Date "2004.06.05"]
[Round "3"]
[White "Babb, Dwight"]
[Black "Asquith, Tom"]
[Result "1-0"]
[WhiteElo "1669"]
[BlackElo "1660"]
[PlyCount "91"]
[GameId "2160767911092250"]
[EventDate "2004.06.??"]
[EventType "tourn"]
[EventRounds "5"]
[EventCountry "CAN"]
[SourceTitle "EXT 2006"]
[Source "ChessBase"]
[SourceDate "2005.11.24"]
[SourceVersion "1"]
[SourceVersionDate "2005.11.24"]
[SourceQuality "1"]

1. Nf3 f5 2. c4 Nf6 3. g3 g6 4. b3 Bg7 5. Bb2 d6 6. d4 c6 7. Bg2 O-O 8. O-O Qe8 9. d5 e5 10. dxe6 Qxe6 11. Nc3 Na6 12. Re1 Nc5 13. Ng5 Qe7 14. Qc2 h6 15. Nh3 a5 16. Rad1 Rd8 17. e3 Bd7 18. Re2 Be8 19. Ba3 Bf7 20. Red2 Bf8 21. Kh1 Qe5 22. Ng1 Ne8 23. Nf3 Qf6 24. Bb2 Qe7 25. Ne1 Nf6 26. Ba3 Ne8 27. Nd3 Ne6 28. Ne5 Qf6 29. Nxf7 Qxf7 30. f4 Kh7 31. e4 N8g7 32. Re2 fxe4 33. Bxe4 c5 34. Bd5 Qf6 35. Bb2 Nd4 36. Rxd4 cxd4 37. Nb5 Nf5 38. Re6 Qg7 39. Qe4 Rab8 40. g4 Ne7 41. Bxd4 Qg8 42. Nxd6 Rxd6 43. Rxd6 Nxd5 44. Rxd5 Bb4 45. f5 Rf8 46. Rd7+ 1-0

[Event "Edmonton June op"]
[Site "Edmonton CAN"]
[Date "2004.06.06"]
[Round "4"]
[White "Asquith, Tom"]
[Black "Blum, Roger"]
[Result "1-0"]
[WhiteElo "1660"]
[BlackElo "1617"]
[PlyCount "78"]
[GameId "2160767911092251"]
[EventDate "2004.06.??"]
[EventType "tourn"]
[EventRounds "5"]
[EventCountry "CAN"]
[SourceTitle "EXT 2006"]
[Source "ChessBase"]
[SourceDate "2005.11.24"]
[SourceVersion "1"]
[SourceVersionDate "2005.11.24"]
[SourceQuality "1"]

1. e4 c5 2. Nf3 Nc6 3. Bb5 g6 4. c3 Bg7 5. d4 cxd4 6. cxd4 Nf6 7. Nc3 O-O 8. O-O a6 9. Ba4 b5 10. Bc2 d6 11. Qe2 Bg4 12. Be3 Rc8 13. h3 Bxf3 14. gxf3 Qd7 15. Kh2 Na5 16. Rad1 Nc4 17. Bc1 Nh5 18. b3 Nb2 19. Nd5 Rxc2 20. Qxc2 Nxd1 21. Rxd1 a5 22. Be3 e6 23. Nb6 Qb7 24. d5 exd5 25. Rxd5 Be5+ 26. Kg1 Nf4 27. Bxf4 Bxf4 28. Rxb5 Qa6 29. a4 Rb8 30. Qc6 Be5 31. Qc7 Re8 32. Nc4 Rc8 33. Qxa5 Qc6 34. Nxe5 Qc1+ 35. Kg2 dxe5 36. Rxe5 Rc2 37. Qb6 Qb2 38. Rb5 Rc1 39. Qb8+ Kg7 1-0

[Event "Edmonton June op"]
[Site "Edmonton CAN"]
[Date "2004.06.07"]
[Round "4"]
[White "Gluckie, Jamin"]
[Black "Wong, Ford"]
[Result "1/2-1/2"]
[WhiteElo "1790"]
[BlackElo "1782"]
[PlyCount "117"]
[GameId "2160767911092252"]
[EventDate "2004.06.??"]
[EventType "tourn"]
[EventRounds "5"]
[EventCountry "CAN"]
[SourceTitle "EXT 2006"]
[Source "ChessBase"]
[SourceDate "2005.11.24"]
[SourceVersion "1"]
[SourceVersionDate "2005.11.24"]
[SourceQuality "1"]

1. d4 Nf6 2. c4 g6 3. f3 c5 4. d5 d6 5. e4 Nbd7 6. Nc3 Bg7 7. Be3 Qb6 8. Qd2 a6 9. Na4 Qc7 10. Nh3 b5 11. cxb5 axb5 12. Bxb5 Ba6 13. Bxa6 Rxa6 14. Nc3 O-O 15. O-O Rb8 16. Bg5 Qb6 17. Rab1 Ne5 18. f4 Neg4 19. Kh1 h6 20. Bh4 Qb4 21. Rfe1 Ra7 22. Nf2 Nxf2+ 23. Bxf2 Ng4 24. Bh4 Rxa2 25. h3 Nf6 26. e5 dxe5 27. fxe5 Nh7 28. Bxe7 Ra7 29. d6 Rd7 30. Qd5 Ng5 31. Qc6 Qb7 32. Qxc5 Ne6 33. Qd5 Rxe7 34. dxe7 Qxe7 35. Qd6 Qb7 36. Qd5 Qb6 37. Qd6 Qb7 38. Qd5 Qb6 39. Rf1 Qe3 40. Rbe1 Qa7 41. Re2 Rd8 42. Qa2 Qb7 43. Ne4 Bxe5 44. Nc5 Nxc5 45. Rxe5 Rd2 46. Re8+ Kg7 47. Qa8 Qxa8 48. Rxa8 Rxb2 49. Ra7 Rb7 50. Rxb7 Nxb7 51. Rb1 Nd6 52. Kh2 h5 53. h4 Ne4 54. Kh3 Nf2+ 55. Kg3 Ng4 56. Rb7 Nf6 57. Kf4 Ng4 58. Kg5 Nh6 59. Ra7 1/2-1/2

[Event "Edmonton June op"]
[Site "Edmonton CAN"]
[Date "2004.06.06"]
[Round "5"]
[White "Corsmeier, Tom"]
[Black "Asquith, Tom"]
[Result "0-1"]
[WhiteElo "1619"]
[BlackElo "1660"]
[PlyCount "48"]
[GameId "2160767911092253"]
[EventDate "2004.06.??"]
[EventType "tourn"]
[EventRounds "5"]
[EventCountry "CAN"]
[SourceTitle "EXT 2006"]
[Source "ChessBase"]
[SourceDate "2005.11.24"]
[SourceVersion "1"]
[SourceVersionDate "2005.11.24"]
[SourceQuality "1"]

1. f4 d6 2. Nf3 g6 3. e4 Bg7 4. Nc3 Nf6 5. Bb5+ c6 6. Ba4 O-O 7. O-O a5 8. a3 Nbd7 9. d4 c5 10. e5 Ng4 11. Bb3 cxd4 12. Nxd4 Nc5 13. exd6 Qxd6 14. Ncb5 Qb6 15. Ba2 Bd7 16. Re1 e5 17. fxe5 Bxe5 18. h3 Bh2+ 19. Kf1 Bxb5+ 20. Nxb5 Qxb5+ 21. c4 Qc6 22. hxg4 Ne4 23. Qd5 Qf6+ 24. Ke2 Qf2+ 0-1

[Event "Edmonton June-A"]
[Site "Edmonton CAN"]
[Date "2004.06.04"]
[Round "1"]
[White "Haessel, Dale"]
[Black "Huber, Gregory"]
[Result "1/2-1/2"]
[WhiteElo "2256"]
[BlackElo "2275"]
[PlyCount "76"]
[GameId "2160767911092254"]
[EventDate "2004.06.??"]
[EventType "tourn"]
[EventRounds "5"]
[EventCountry "CAN"]
[EventCategory "3"]
[SourceTitle "EXT 2006"]
[Source "ChessBase"]
[SourceDate "2005.11.24"]
[SourceVersion "1"]
[SourceVersionDate "2005.11.24"]
[SourceQuality "1"]

1. Nf3 c5 2. g3 Nc6 3. Bg2 g6 4. c4 Bg7 5. Nc3 e5 6. a3 Nge7 7. O-O O-O 8. Rb1 a5 9. Ne1 d6 10. Nc2 Be6 11. Nd5 Rb8 12. b4 axb4 13. axb4 cxb4 14. Ncxb4 Nxb4 15. Rxb4 Nxd5 16. cxd5 Bd7 17. Qb3 b5 18. Bb2 Ra8 19. Bc3 Ra7 20. Be4 Qa8 21. Rb1 Ra3 22. Qd1 Rc8 23. e3 Ra2 24. Bf3 Bh6 25. R4b3 f5 26. Qf1 Bg7 27. h4 h6 28. e4 Rf8 29. Bb4 Rf6 30. Qg2 Kh8 31. g4 fxg4 32. Bxg4 Bxg4 33. Qxg4 Qf8 34. Rc3 h5 35. Qd7 Ra8 36. Rbc1 Rxf2 37. Rc8 Rxc8 38. Rxc8 Rf1+ 1/2-1/2

[Event "Edmonton June-A"]
[Site "Edmonton CAN"]
[Date "2004.06.04"]
[Round "1"]
[White "Neven, Knut"]
[Black "Reeve, Jeff"]
[Result "1/2-1/2"]
[WhiteElo "2299"]
[BlackElo "2352"]
[PlyCount "212"]
[GameId "2160767911092255"]
[EventDate "2004.06.??"]
[EventType "tourn"]
[EventRounds "5"]
[EventCountry "CAN"]
[EventCategory "3"]
[SourceTitle "EXT 2006"]
[Source "ChessBase"]
[SourceDate "2005.11.24"]
[SourceVersion "1"]
[SourceVersionDate "2005.11.24"]
[SourceQuality "1"]

1. d4 g6 2. c4 Bg7 3. Nc3 Nf6 4. e4 d6 5. h3 O-O 6. Bg5 h6 7. Be3 e5 8. d5 Nbd7 9. Bd3 a5 10. Nge2 Nc5 11. Bc2 Bd7 12. Qd2 Kh7 13. g4 Ng8 14. Ng3 Bf6 15. O-O-O Bg5 16. f3 Bxe3 17. Qxe3 Qg5 18. Qxg5 hxg5 19. h4 gxh4 20. Rxh4+ Kg7 21. Rdh1 Nf6 22. g5 Nh5 23. Nxh5+ gxh5 24. Ne2 Rh8 25. Ng3 Rag8 26. Nxh5+ Kf8 27. Nf6 Rxh4 28. Rxh4 Rg7 29. Kd2 Ke7 30. Rh5 Bc8 31. Ke3 Nd7 32. Nxd7 Bxd7 33. f4 exf4+ 34. Kxf4 f6 35. gxf6+ Kxf6 36. Rh6+ Ke7 37. Rh2 Rg4+ 38. Kf3 Rg7 39. a3 b6 40. b4 Rf7+ 41. Ke3 Rg7 42. Kd4 axb4 43. axb4 Rg3 44. c5 bxc5+ 45. bxc5 dxc5+ 46. Kxc5 Rc3+ 47. Kd4 Rg3 48. Rh7+ Ke8 49. e5 Rg4+ 50. Ke3 Rg5 51. e6 Bxe6 52. dxe6 Re5+ 53. Kd4 Rxe6 54. Bf5 Re7 55. Rh6 Re1 56. Kd5 Rc1 57. Rh8+ Ke7 58. Rh7+ Kf6 59. Bd3 Rd1 60. Kd4 c5+ 61. Ke4 Ke6 62. Rh6+ Kd7 63. Bb5+ Ke7 64. Rc6 Re1+ 65. Kd5 Rc1 66. Bc4 Rd1+ 67. Kxc5 Rd2 68. Ra6 Rd1 69. Bd5 Rd2 70. Ra7+ Kf6 71. Kd6 Kg6 72. Re7 Kf6 73. Re1 Rf2 74. Re7 Rd2 75. Rf7+ Kg6 76. Rf1 Re2 77. Be6 Kg5 78. Rf5+ Kg6 79. Ke7 Re4 80. Rf1 Kg5 81. Rg1+ Kf4 82. Kf6 Re3 83. Rg4+ Kf3 84. Rb4 Ra3 85. Ke5 Ke3 86. Rh4 Ra8 87. Rh3+ Kf2 88. Bf5 Kg2 89. Rc3 Kf2 90. Kf4 Re8 91. Rh3 Rg8 92. Rf3+ Ke2 93. Ra3 Kd2 94. Rd3+ Ke2 95. Rc3 Rd8 96. Rc2+ Rd2 97. Rc1 Ra2 98. Rh1 Ra4+ 99. Be4 Kd2 100. Rh3 Rb4 101. Rd3+ Ke2 102. Rc3 Rd4 103. Ra3 Kd2 104. Ke5 Rd8 105. Bd5 Re8+ 106. Kd4 Rc8 1/2-1/2

[Event "Edmonton June-A"]
[Site "Edmonton CAN"]
[Date "2004.06.04"]
[Round "1"]
[White "Yoos, John"]
[Black "Gardner, Robert"]
[Result "1-0"]
[WhiteElo "2450"]
[BlackElo "2250"]
[PlyCount "109"]
[GameId "2160767911092256"]
[EventDate "2004.06.??"]
[EventType "tourn"]
[EventRounds "5"]
[EventCountry "CAN"]
[EventCategory "3"]
[SourceTitle "EXT 2006"]
[Source "ChessBase"]
[SourceDate "2005.11.24"]
[SourceVersion "1"]
[SourceVersionDate "2005.11.24"]
[SourceQuality "1"]

1. e4 d6 2. d4 Nf6 3. Nc3 g6 4. Be3 c6 5. h3 Nbd7 6. f4 b5 7. e5 b4 8. Na4 Nd5 9. Bd2 N7b6 10. c4 bxc3 11. bxc3 Bh6 12. c4 Bxf4 13. cxd5 Bxd2+ 14. Kxd2 dxe5 15. Nxb6 axb6 16. Bc4 e6 17. Qe2 Qg5+ 18. Qe3 Qxe3+ 19. Kxe3 exd5 20. Bb3 exd4+ 21. Kxd4 Ke7 22. Ne2 Kd6 23. Rhf1 c5+ 24. Kc3 Re8 25. Rf6+ Re6 26. Rf2 c4 27. Bc2 Kc5 28. a3 f5 29. g4 Re3+ 30. Kd2 Rxh3 31. gxf5 Bxf5 32. Bxf5 gxf5 33. a4 b5 34. Rxf5 Rd3+ 35. Kc2 b4 36. Nf4 b3+ 37. Kc1 Rc3+ 38. Kb1 Rg3 39. Nxd5 Rg1+ 40. Kb2 Rxa1 41. Nc3+ Kd4 42. Rd5+ Ke3 43. Kxa1 h5 44. Rxh5 Rg8 45. Rh2 Kd3 46. Kb2 Rg3 47. Rd2+ Ke3 48. a5 Rg5 49. a6 Ra5 50. Rd6 Kf3 51. Nb1 Kf4 52. Na3 Ra4 53. Rc6 Ke5 54. Nxc4+ Kd5 55. Kxb3 1-0

[Event "Edmonton June-A"]
[Site "Edmonton CAN"]
[Date "2004.06.05"]
[Round "2"]
[White "Gardner, Robert"]
[Black "Haessel, Dale"]
[Result "0-1"]
[WhiteElo "2250"]
[BlackElo "2256"]
[PlyCount "58"]
[GameId "2160767911092257"]
[EventDate "2004.06.??"]
[EventType "tourn"]
[EventRounds "5"]
[EventCountry "CAN"]
[EventCategory "3"]
[SourceTitle "EXT 2006"]
[Source "ChessBase"]
[SourceDate "2005.11.24"]
[SourceVersion "1"]
[SourceVersionDate "2005.11.24"]
[SourceQuality "1"]

1. g3 c5 2. Bg2 Nc6 3. e4 g6 4. f4 Bg7 5. Nf3 d6 6. d3 e5 7. O-O Nge7 8. c3 O-O 9. Be3 b6 10. Nh4 exf4 11. gxf4 d5 12. f5 dxe4 13. Bxe4 Nd5 14. Bf2 Bb7 15. Qf3 Ne5 16. Qg3 Qd7 17. Nd2 Rae8 18. Rae1 Ba6 19. Kh1 Nf6 20. fxg6 hxg6 21. Be3 Nxe4 22. Nxe4 Nxd3 23. Nf6+ Bxf6 24. Rxf6 Bb7+ 25. Kg1 Re4 26. Nf5 Nxe1 27. Rxg6+ fxg6 28. Qxg6+ Kh8 29. Qh6+ Qh7 0-1

[Event "Edmonton June-A"]
[Site "Edmonton CAN"]
[Date "2004.06.05"]
[Round "2"]
[White "Reeve, Jeff"]
[Black "Huber, Gregory"]
[Result "1-0"]
[WhiteElo "2352"]
[BlackElo "2275"]
[PlyCount "71"]
[GameId "2160767911092259"]
[EventDate "2004.06.??"]
[EventType "tourn"]
[EventRounds "5"]
[EventCountry "CAN"]
[EventCategory "3"]
[SourceTitle "EXT 2006"]
[Source "ChessBase"]
[SourceDate "2005.11.24"]
[SourceVersion "1"]
[SourceVersionDate "2005.11.24"]
[SourceQuality "1"]

1. e4 c5 2. Nf3 e6 3. d4 cxd4 4. Nxd4 a6 5. Nc3 b5 6. Bd3 Qb6 7. Nf3 Qc7 8. O-O d6 9. a4 b4 10. Na2 Nc6 11. Bd2 Rb8 12. c3 bxc3 13. Bxc3 Nf6 14. b4 Be7 15. Qe2 O-O 16. Rfc1 Qb6 17. b5 axb5 18. axb5 Na5 19. Nd4 Bd7 20. Nb4 e5 21. Na6 Rbc8 22. Bxa5 Qxd4 23. Nc7 Bg4 24. Qe3 Qxe3 25. fxe3 Rb8 26. Nd5 Nxd5 27. exd5 e4 28. Bf1 Rfc8 29. Bc7 Bf6 30. Bxb8 Bxa1 31. Rxc8+ Bxc8 32. Bxd6 Bb7 33. b6 Bf6 34. Bb5 Bg5 35. Kf2 Bd8 36. Bc6 1-0

[Event "Edmonton June-A"]
[Site "Edmonton CAN"]
[Date "2004.06.05"]
[Round "3"]
[White "Haessel, Dale"]
[Black "Neven, Knut"]
[Result "1-0"]
[WhiteElo "2256"]
[BlackElo "2299"]
[PlyCount "121"]
[GameId "2160767911092260"]
[EventDate "2004.06.??"]
[EventType "tourn"]
[EventRounds "5"]
[EventCountry "CAN"]
[EventCategory "3"]
[SourceTitle "EXT 2006"]
[Source "ChessBase"]
[SourceDate "2005.11.24"]
[SourceVersion "1"]
[SourceVersionDate "2005.11.24"]
[SourceQuality "1"]

1. c4 Nf6 2. g3 e5 3. Bg2 c6 4. d4 exd4 5. Qxd4 Na6 6. Nc3 Bc5 7. Qd1 O-O 8. Nf3 d6 9. O-O Be6 10. b3 d5 11. Ng5 dxc4 12. Nxe6 fxe6 13. bxc4 Qxd1 14. Nxd1 Rad8 15. Rb1 Rd7 16. Nb2 Nb4 17. Na4 Be7 18. Be3 b6 19. c5 Nfd5 20. Bh3 Kf7 21. cxb6 axb6 22. Nxb6 Nxb6 23. Bxb6 Nxa2 24. Rb3 Nb4 25. Rf3+ Ke8 26. Bxe6 Rd2 27. Ra3 Rf6 28. Ra8+ Bd8 29. Bc4 Rd7 30. Rb1 Nd5 31. Bxd8 Rxd8 32. Rxd8+ Kxd8 33. Rd1 Ke7 34. Bxd5 cxd5 35. Rxd5 Ra6 36. f4 Ra1+ 37. Kf2 Rh1 38. Rh5 h6 39. g4 Kf7 40. Kg2 Re1 41. Re5 Ra1 42. Rb5 Re1 43. Re5 Ra1 44. h4 Ra3 45. e3 g6 46. Kf3 Ra4 47. h5 Ra1 48. hxg6+ Kxg6 49. f5+ Kf7 50. Re6 Rf1+ 51. Ke4 Rg1 52. Rxh6 Rxg4+ 53. Ke5 Ra4 54. Rh7+ Ke8 55. e4 Ra5+ 56. Kf6 Ra6+ 57. Kg7 Ra5 58. Rh8+ Kd7 59. f6 Re5 60. f7 Re7 61. Kf6 1-0

[Event "Edmonton June-A"]
[Site "Edmonton CAN"]
[Date "2004.06.05"]
[Round "3"]
[White "Huber, Gregory"]
[Black "Gardner, Robert"]
[Result "0-1"]
[WhiteElo "2275"]
[BlackElo "2250"]
[PlyCount "72"]
[GameId "2160767911092261"]
[EventDate "2004.06.??"]
[EventType "tourn"]
[EventRounds "5"]
[EventCountry "CAN"]
[EventCategory "3"]
[SourceTitle "EXT 2006"]
[Source "ChessBase"]
[SourceDate "2005.11.24"]
[SourceVersion "1"]
[SourceVersionDate "2005.11.24"]
[SourceQuality "1"]

1. e4 d6 2. d4 Nf6 3. Nc3 g6 4. g3 Bg7 5. Bg2 O-O 6. Nge2 Nbd7 7. O-O c5 8. h3 Rb8 9. a4 b6 10. Bg5 cxd4 11. Nxd4 Bb7 12. Qd2 Nc5 13. Rfe1 Rc8 14. Rad1 a6 15. Nb3 Nxb3 16. cxb3 Nd7 17. Nd5 Bxd5 18. exd5 Bf6 19. Bxf6 exf6 20. h4 Re8 21. Qd4 Re5 22. f4 Rxe1+ 23. Rxe1 Nc5 24. Re3 Rc7 25. h5 Nd7 26. Bf1 a5 27. Bb5 gxh5 28. Qd1 f5 29. Qxh5 Qf6 30. Bc6 Nc5 31. g4 Re7 32. Rxe7 Qxe7 33. Kf1 Ne4 34. Kg2 Qf6 35. Qxf5 Qd4 36. Kh3 Qe3+ 0-1

[Event "Edmonton June-A"]
[Site "Edmonton CAN"]
[Date "2004.06.05"]
[Round "3"]
[White "Yoos, John"]
[Black "Reeve, Jeff"]
[Result "1/2-1/2"]
[WhiteElo "2450"]
[BlackElo "2352"]
[PlyCount "54"]
[GameId "2160767911092262"]
[EventDate "2004.06.??"]
[EventType "tourn"]
[EventRounds "5"]
[EventCountry "CAN"]
[EventCategory "3"]
[SourceTitle "EXT 2006"]
[Source "ChessBase"]
[SourceDate "2005.11.24"]
[SourceVersion "1"]
[SourceVersionDate "2005.11.24"]
[SourceQuality "1"]

1. e4 c5 2. Nf3 Nc6 3. d4 cxd4 4. Nxd4 Nf6 5. Nc3 e5 6. Ndb5 d6 7. Bg5 a6 8. Na3 b5 9. Bxf6 gxf6 10. Nd5 f5 11. Bd3 Be6 12. Qh5 Rg8 13. c3 Rxg2 14. Qf3 Rg5 15. h4 Rg4 16. exf5 Bxd5 17. Qxd5 Ne7 18. Qb7 Bh6 19. f6 Ng8 20. Rd1 Nxf6 21. Bf5 Rf4 22. Rxd6 Qxd6 23. Qxa8+ Ke7 24. Qb7+ Kf8 25. Qc8+ Ke7 26. Qb7+ Kf8 27. Qc8+ Ke7 1/2-1/2

[Event "Edmonton June-A"]
[Site "Edmonton CAN"]
[Date "2004.06.06"]
[Round "4"]
[White "Neven, Knut"]
[Black "Huber, Gregory"]
[Result "0-1"]
[WhiteElo "2299"]
[BlackElo "2275"]
[PlyCount "92"]
[GameId "2160767911092263"]
[EventDate "2004.06.??"]
[EventType "tourn"]
[EventRounds "5"]
[EventCountry "CAN"]
[EventCategory "3"]
[SourceTitle "EXT 2006"]
[Source "ChessBase"]
[SourceDate "2005.11.24"]
[SourceVersion "1"]
[SourceVersionDate "2005.11.24"]
[SourceQuality "1"]

1. d4 Nf6 2. Bg5 Ne4 3. Bf4 c5 4. f3 Qa5+ 5. c3 Nf6 6. d5 g6 7. e4 Bg7 8. Na3 d6 9. Nc4 Qd8 10. a4 O-O 11. Qd2 Nbd7 12. g4 Ne5 13. Nxe5 dxe5 14. Be3 b6 15. Bd3 e6 16. c4 Ne8 17. g5 f5 18. h4 exd5 19. cxd5 Nd6 20. Ne2 fxe4 21. fxe4 Bg4 22. Nc3 Bf3 23. Rh3 c4 24. Bc2 a6 25. Qh2 b5 26. Bc5 Rc8 27. Qg1 Rf4 28. Rxf3 Rxf3 29. Qg4 Rxc5 30. Qxf3 b4 31. Ne2 Qd7 32. b3 Rc8 33. bxc4 Nxc4 34. Bb3 Nd6 35. Rc1 Rf8 36. Qg2 Qa7 37. Rc6 Qe3 38. Bc2 b3 39. Bb1 b2 40. Qg1 Qa3 41. Qg4 Qb4+ 42. Nc3 Kh8 43. Ke2 Qd4 44. Qg3 Nc4 45. Bd3 Qxc3 46. Rxc4 Qxc4 0-1

[Event "Edmonton June-A"]
[Site "Edmonton CAN"]
[Date "2004.06.06"]
[Round "4"]
[White "Reeve, Jeff"]
[Black "Gardner, Robert"]
[Result "0-1"]
[WhiteElo "2352"]
[BlackElo "2250"]
[PlyCount "66"]
[GameId "2160767911092264"]
[EventDate "2004.06.??"]
[EventType "tourn"]
[EventRounds "5"]
[EventCountry "CAN"]
[EventCategory "3"]
[SourceTitle "EXT 2006"]
[Source "ChessBase"]
[SourceDate "2005.11.24"]
[SourceVersion "1"]
[SourceVersionDate "2005.11.24"]
[SourceQuality "1"]

1. e4 d6 2. d4 Nf6 3. Nc3 g6 4. Nf3 Bg7 5. Be3 a6 6. Qd2 b5 7. Bd3 Bb7 8. e5 Ng4 9. e6 O-O 10. exf7+ Rxf7 11. Ng5 Nxe3 12. fxe3 Rf6 13. Nce4 Bxe4 14. Nxe4 Rf8 15. h4 d5 16. Ng5 Qd6 17. O-O-O e5 18. dxe5 Qxe5 19. c3 Bh6 20. Bc2 c6 21. e4 Rf4 22. g3 Rg4 23. Qf2 Bxg5+ 24. hxg5 Qxg5+ 25. Kb1 Nd7 26. exd5 c5 27. Rxh7 Nf6 28. Re7 Rd8 29. Qe2 Rd6 30. Re8+ Nxe8 31. Qxe8+ Kg7 32. Rh1 Rd8 33. Qc6 Qxd5 0-1

[Event "Edmonton June-A"]
[Site "Edmonton CAN"]
[Date "2004.06.06"]
[Round "4"]
[White "Yoos, John"]
[Black "Haessel, Dale"]
[Result "1-0"]
[WhiteElo "2450"]
[BlackElo "2256"]
[PlyCount "51"]
[GameId "2160767911092265"]
[EventDate "2004.06.??"]
[EventType "tourn"]
[EventRounds "5"]
[EventCountry "CAN"]
[EventCategory "3"]
[SourceTitle "EXT 2006"]
[Source "ChessBase"]
[SourceDate "2005.11.24"]
[SourceVersion "1"]
[SourceVersionDate "2005.11.24"]
[SourceQuality "1"]

1. e4 c5 2. Nf3 d6 3. d4 cxd4 4. Nxd4 Nf6 5. Nc3 a6 6. Bg5 e6 7. f4 Nc6 8. Nxc6 bxc6 9. e5 h6 10. Bh4 g5 11. fxg5 Nd5 12. Ne4 Qb6 13. Bd3 hxg5 14. Bg3 Qxb2 15. O-O dxe5 16. Rb1 Qd4+ 17. Bf2 Qa4 18. Qg4 Qa3 19. Qxg5 f5 20. Qg6+ Kd7 21. c4 Rh6 22. Qg8 Nf4 23. Rfd1 Qe7 24. Bf1+ Nd5 25. cxd5 exd5 26. Bc5 1-0